Hidden connections, double meanings /

Bibliographic Details
Main Author: Wells, David (David Graham)
Format: Book
Language:English
Published: Cambridge [England] ; New York : Cambridge University Press, 1988.
Series:Cambridge educational.
Subjects:

MARC

Tag First Indicator Second Indicator Subfields
LEADER 00000cam a2200000 a 4500
001 in00000028199
005 20151007060023.0
008 860714s1988 enka 00010 eng
010 |a  86018826  
020 |a 0521313341 (pbk.) 
035 |a (OCoLC)13947125 
035 |9 AAB9894AM 
040 |a DLC  |c DLC  |d TXA  |d UtOrBLW 
049 |a TXAM  |c [A11688614] 
050 0 0 |a QA63  |b .W4 1988 
082 0 |a 793.73  |2 19 
100 1 |a Wells, David  |q (David Graham) 
245 1 0 |a Hidden connections, double meanings /  |c David Wells. 
264 1 |a Cambridge [England] ;  |a New York :  |b Cambridge University Press,  |c 1988. 
300 |a 164 pages :  |b illustrations ;  |c 24 cm. 
336 |a text  |b txt  |2 rdacontent 
337 |a unmediated  |b n  |2 rdamedia 
338 |a volume  |b nc  |2 rdacarrier 
490 1 |a Cambridge educational 
650 0 |a Problem solving. 
650 0 |a Mathematical recreations. 
830 0 |a Cambridge educational. 
999 |a MARS 
999 f f |s b892b5e7-84b5-348f-8bf4-20bc1ed7f491  |i 6cf9ec60-e70b-3bfc-b332-cbf83bae0926  |t 0 
952 f f |p normal  |a Texas A&M University  |b College Station  |c Sterling C. Evans Library  |d Evans: Library Stacks  |t 0  |e QA63 .W4 1988  |h Library of Congress classification  |i unmediated -- volume  |m A14811688614 
998 f f |a QA63 .W4 1988  |t 0  |l Evans: Library Stacks